| 000 | 00683cam a2200229 4500 | ||
|---|---|---|---|
| 001 | 9005 | ||
| 005 | 20230410121005.0 | ||
| 008 | 060907s1998 ag spa | ||
| 020 | _a9505345429 | ||
| 035 | _9funglode9079 | ||
| 041 | _aES | ||
| 050 | 1 | 4 |
_aJF 2051 _bD536p 1998 |
| 100 | 1 |
_aDi Tella, Torcuato S., _d1929- |
|
| 245 | 1 | 4 |
_aLos partidos políticos : _bteoría y análisis comparativo / _cTorcuato S. Di Tella |
| 260 |
_aBuenos Aires : _bA-Z, _c1998 |
||
| 300 |
_a197 p. ; _c24 cm. |
||
| 650 | 0 | _aPolitical parties. | |
| 650 | 0 | _aComparative government. | |
| 650 | 0 |
_aPolitical parties _zArgentina. |
|
| 650 | 0 |
_aPolitical parties _zEurope, Eastern. |
|
| 942 |
_2lcc _cbk |
||
| 999 |
_c55803 _d55803 |
||